| 000 | 00467nam a2200169Ia 4500 | ||
|---|---|---|---|
| 003 | GCL | ||
| 008 | 140319s9999 xx 000 0 eng d | ||
| 040 |
_aGCL / _cGCL |
||
| 082 | 0 | 4 |
_a005.13 _bB C |
| 100 | 1 | _aBORLAND INTERNATIONAL, INC., | |
| 245 | 1 | 0 |
_aC++ USER'S GUIDE / _cBORLAND INTERNATIONAL, INC., |
| 260 |
_a[S.N] : _bBORLAND INTERNATIONAL ,INC ، _c1996 |
||
| 650 | 0 | 4 | _aشعر الحرب |
| 650 | 0 | 4 | _aCOMPUTER LANGUAGE |
| 650 | 0 | 4 | _aC ++ |
| 942 |
_2ddc _cBK |
||
| 999 |
_c13682 _d13682 |
||